Machine design (Record no. 612608)

000 -LEADER
fixed length control field 00339nam a22001337a 4500
020 ## - INTERNATIONAL STANDARD BOOK NUMBER
International Standard Book Number 0132540126
040 ## - CATALOGING SOURCE
Transcribing agency Nust
082 ## - DEWEY DECIMAL CLASSIFICATION NUMBER
Classification number 621..815
Author Mark NOR
100 ## - MAIN ENTRY--PERSONAL NAME
Personal name Robert L. Norton
9 (RLIN) 53948
245 ## - TITLE STATEMENT
Title Machine design
Remainder of title An integrated approach
260 ## - PUBLICATION, DISTRIBUTION, ETC.
Place of publication, distribution, etc. New Jersey:
Name of publisher, distributor, etc. Prentice Hall.
Date of publication, distribution, etc. 1996.
650 ## - SUBJECT ADDED ENTRY--TOPICAL TERM
Topical term or geographic name entry element Machine design
942 ## - ADDED ENTRY ELEMENTS (KOHA)
Source of classification or shelving scheme
Koha item type Book
Holdings
Withdrawn status Lost status Source of classification or shelving scheme Damaged status Not for loan Permanent Location Current Location Shelving location Date acquired Total Checkouts Full call number Barcode Checked out Date last seen Date last checked out Price effective from Koha item type
          College of Electrical & Mechanical Engineering (CEME) College of Electrical & Mechanical Engineering (CEME) General Stacks 01/13/2025 1 621..815 NOR CEME- 35665 12/20/2025 11/20/2025 11/20/2025 01/13/2025 Book
© 2023 Central Library, National University of Sciences and Technology. All Rights Reserved.